Cartas a Manuel A. Mercado
Gardado en:
| Autor Principal: | |
|---|---|
| Formato: | Libro |
| Idioma: | Lingua castelá |
| Publicado: |
Ciudad de México
Universidad Nacional Autónoma de México
1946
|
| Subjects: | |
| Tags: |
Engadir etiqueta
Sen Etiquetas, Sexa o primeiro en etiquetar este rexistro!
|
MARC
| LEADER | 00000nam a2200000 a 4500 | ||
|---|---|---|---|
| 001 | UCY7825 | ||
| 003 | CL-VaPUC | ||
| 005 | 20210903124842.0 | ||
| 008 | 950622e19460000MX |||||||||||||||||spa|d | ||
| 999 | |c 235132 |d 235130 | ||
| 040 | |c Pontificia Universidad Católica de Valparaíso | ||
| 082 | 0 | 4 | |a Cu866 |b MAR |2 21 |
| 100 | |a Martí, José |e autor |9 862932 | ||
| 245 | 1 | 0 | |a Cartas a Manuel A. Mercado |
| 260 | |a Ciudad de México |b Universidad Nacional Autónoma de México |c 1946 | ||
| 300 | |a 280 p | ||
| 583 | |a last modification |c 19950622 00:00:00 |k Rodrigo Vera | ||
| 650 | 7 | |a CORRESPONDENCIAS |2 CL-VaPUC |9 256500 | |
| 650 | 0 | |a Literatura cubana |9 315048 | |
| 942 | |c BK |2 ddc | ||
| 945 | |d 19950622 00:00:00 |a rbrito | ||
| 952 | |0 0 |1 0 |4 0 |6 CU_866_000000000000000_MAR_1946 |7 0 |8 A |9 242342 |a BIBART |b BIBART |d 2019-11-18 |i 3096408 |o Cu866 MAR 1946 |p 3096408 |r 2025-03-13 |w 2019-11-18 |y BK |k ART | ||